[Event "Helsingor CC-ch"]
[Site "Helsingor"]
[Date "2022.01.11"]
[Round "1"]
[White "Jacobsen, Per Lykke"]
[Black "Krog, Jacob"]
[Result "1-0"]
[WhiteElo "1872"]
[BlackElo "1876"]
[PlyCount "105"]
[EventDate "2022.01.11"]
[EventType "swiss"]
[EventRounds "7"]
[EventCountry "DEN"]
[SourceTitle "EXT 2024"]
[Source "ChessBase"]
[SourceDate "2023.10.10"]
[SourceVersion "1"]
[SourceVersionDate "2023.10.10"]
[SourceQuality "1"]

1. e4 c5 2. d4 cxd4 3. c3 g6 4. cxd4 d5 5. e5 Bg7 6. Nc3 Nh6 7. Qb3 Nc6 8. Be3 Nf5 9. Nf3 e6 10. Bd3 Nxe3 11. fxe3 0-0 12. 0-0 f6 13. exf6 Bxf6 14. Rad1 Qe7 15. Bb1 b6 16. Nxd5 exd5 17. Qxd5+ Qe6 18. Be4 Qxd5 19. Bxd5+ Kg7 20. Bxc6 Rb8 21. e4 Bg4 22. e5 Be7 23. h3 Be6 24. d5 Bc5+ 25. Kh2 Rbc8 26. Ng5 Bg8 27. Bd7 Rcd8 28. e6 Be7 29. Ne4 Rxd7 30. exd7 Rd8 31. d6 Bf8 32. Nf6 Be6 33. Ne4 Rxd7 34. Nf6 Rd8 35. d7 Be7 36. Rde1 Bd6+ 37. Kh1 Bxd7 38. Nxd7 Rxd7 39. Rd1 Rd8 40. Rf3 Be7 41. Rxd8 Bxd8 42. Rd3 Bf6 43. b3 a5 44. Rd7+ Kh6 45. Rd6 Bc3 46. Rxb6 Bb4 47. g3 Kg5 48. Kg2 h5 49. Kf3 Kf5 50. a3 Be1 51. b4 axb4 52. axb4 g5 53. Rb5+ 1-0

[Event "Helsingor CC-ch"]
[Site "Helsingor"]
[Date "2022.01.11"]
[Round "5"]
[White "Larsen, Ole Bogh"]
[Black "Krog, Jacob"]
[Result "1-0"]
[WhiteElo "2273"]
[BlackElo "1876"]
[PlyCount "55"]
[EventDate "2022.01.11"]
[EventType "swiss"]
[EventRounds "7"]
[EventCountry "DEN"]
[SourceTitle "EXT 2024"]
[Source "ChessBase"]
[SourceDate "2023.10.10"]
[SourceVersion "1"]
[SourceVersionDate "2023.10.10"]
[SourceQuality "1"]

1. d4 Nf6 2. c4 e5 3. dxe5 Ng4 4. e4 Nxe5 5. f4 Nec6 6. a3 a5 7. Be3 Na6 8. Nc3 Bc5 9. Qd2 d6 10. 0-0-0 Qe7 11. Bd3 f5 12. Nd5 Qf7 13. Nf3 h6 14. Nh4 Be6 15. Nxf5 Bxf5 16. exf5 0-0-0 17. Rhe1 Rhe8 18. Bxc5 Nxc5 19. Bc2 a4 20. g4 Rxe1 21. Rxe1 Re8 22. Re3 Kd7 23. Qe1 Rxe3 24. Qxe3 Na5 25. f6 gxf6 26. Bg6 Ncb3+ 27. Kd1 Nxc4 28. Bxf7 1-0

[Event "Helsingor Club-ch B"]
[Site "Helsingor"]
[Date "2021.08.24"]
[Round "2"]
[White "Stochkel, Casper"]
[Black "Krog, Jacob"]
[Result "1/2-1/2"]
[WhiteElo "1783"]
[BlackElo "1805"]
[PlyCount "65"]
[EventDate "2021.08.24"]
[EventType "tourn"]
[EventRounds "7"]
[EventCountry "DEN"]
[SourceTitle "EXT 2025"]
[Source "ChessBase"]
[SourceDate "2024.10.14"]
[SourceVersion "1"]
[SourceVersionDate "2024.10.14"]
[SourceQuality "1"]

1. c4 e5 2. Nc3 Nc6 3. Nf3 Nf6 4. d3 d5 5. cxd5 Nxd5 6. g3 Nb6 7. Bg2 Be7 8. 0-0 Be6 9. a3 a5 10. Be3 f6 11. Rb1 0-0 12. Ne4 Nd4 13. h4 Bb3 14. Qd2 f5 15. Nc3 f4 16. Bxd4 exd4 17. Ne4 fxg3 18. fxg3 c6 19. Rbc1 a4 20. Nc5 Bxc5 21. Rxc5 Qd6 22. Rg5 Rae8 23. Rg4 c5 24. Qg5 Qe7 25. Rf2 Nd5 26. Re4 Qxg5 27. Nxg5 Nf6 28. Rxe8 Rxe8 29. Bxb7 Rb8 30. Bc6 Ba2 31. e4 dxe3 32. Re2 Ng4 33. Bd7 1/2-1/2

[Event "Amager AMSF Gr3"]
[Site "Amager"]
[Date "2016.09.06"]
[Round "3"]
[White "Krog, Jacob"]
[Black "Pedersen, Kim Michael"]
[Result "1-0"]
[WhiteElo "1685"]
[BlackElo "1643"]
[PlyCount "61"]
[EventDate "2016.08.16"]
[EventType "tourn"]
[EventRounds "7"]
[EventCountry "DEN"]
[SourceTitle "EXT 2023"]
[Source "ChessBase"]
[SourceDate "2022.10.05"]
[SourceVersion "1"]
[SourceVersionDate "2022.10.05"]
[SourceQuality "1"]

1. d4 d5 2. Nf3 Nf6 3. c4 dxc4 4. Nc3 c6 5. a4 Bf5 6. Ne5 e6 7. Nxc4 Bb4 8. f3 0-0 9. h4 h6 10. g4 Bxg4 11. fxg4 Nxg4 12. e4 h5 13. Be2 f5 14. Bg5 Qc7 15. e5 Nd7 16. Bxg4 hxg4 17. Bf4 Nb6 18. Nxb6 axb6 19. Qb3 Bxc3+ 20. bxc3 Kf7 21. Kf2 Ra5 22. h5 b5 23. h6 Qd7 24. hxg7 Rg8 25. Rh6 Rxg7 26. Rf6+ Kg8 27. Rxe6 Rf7 28. Rh6 bxa4 29. e6 Qe7 30. Be5 b5 31. Rh8# 1-0